IEEE spectrum
Αποθηκεύτηκε σε:
| Συγγραφή απο Οργανισμό/Αρχή: | |
|---|---|
| Μορφή: | Περιοδική έκδοση |
| Γλώσσα: | English |
| Δημοσίευση: |
[New York] :
Institute of the Electrical and Electronics Engineers,
1964-
|
| Θέματα: | |
| Ετικέτες: |
Προσθήκη ετικέτας
Δεν υπάρχουν, Καταχωρήστε ετικέτα πρώτοι!
|
MARC
| LEADER | 00000nas a2200000 i 4500 | ||
|---|---|---|---|
| 001 | 1/27921 | ||
| 008 | 021001c19649999 eng d | ||
| 022 | |a 00189235 | ||
| 035 | |l 10068525 | ||
| 040 | |a GR-MY-UA |b gre |e aacr | ||
| 041 | 0 | |a eng | |
| 082 | 0 | |a 621.305 | |
| 110 | 2 | |a Institute of Electrical and Electronics Engineers. | |
| 245 | 1 | 0 | |a IEEE spectrum |h [περιοδικό] |
| 260 | |a [New York] : |b Institute of the Electrical and Electronics Engineers, |c 1964- | ||
| 300 | |a v.; |b ill., port.; |c 29 cm. | ||
| 310 | |a Monthly | ||
| 650 | 0 | 0 | |a Electric engineering |x Periodicals. |
| 650 | 0 | 0 | |a Electronics |x Periodicals. |
| 920 | |a ΚΑΤΣΙΚΑΣ |b ΣΩΚΡΑΤΗΣ |y ΣΑΜΟΣ | ||
| 970 | |a ΜΑΛΑΓΑΡΗ |b ΦΩΤΕΙΝΗ |z 20021001 | ||